[Event "Danish CPH 2023 for 50+ and 65+"]
[Site "Nyhavnsgade 14, 2. sal. 9000 Aalborg"]
[Date "2023.02.24"]
[Round "5.5"]
[White "Schacht, Jorgen Vejby"]
[Black "Pilgaard, Erik"]
[Result "1-0"]
[BlackElo "1442"]
[WhiteElo "1654"]
[LiveChessVersion "1.4.8"]

1. d4 {[%clk 1:30:57]} d5 {[%clk 1:30:46]} 2. Bf4 {[%clk 1:31:17]} e6
{[%clk 1:29:57]} 3. e3 {[%clk 1:31:37]} c5 {[%clk 1:29:41]} 4. Nf3
{[%clk 1:25:16]} Bd6 {[%clk 1:27:07]} 5. Bg3 {[%clk 1:25:40]} Nc6
{[%clk 1:26:25]} 6. c3 {[%clk 1:25:58]} Nge7 {[%clk 1:25:56]} 7. Bd3
{[%clk 1:26:01]} f5 {[%clk 1:24:49]} 8. Nbd2 {[%clk 1:20:33]} O-O
{[%clk 1:21:07]} 9. Qe2 {[%clk 1:01:32]} Ng6 {[%clk 1:18:10]} 10. Bxd6
{[%clk 0:54:27]} Qxd6 {[%clk 1:14:00]} 11. h4 {[%clk 0:52:04]} e5
{[%clk 1:09:31]} 12. h5 {[%clk 0:37:44]} Nge7 {[%clk 1:04:05]} 13. dxe5
{[%clk 0:36:56]} Nxe5 {[%clk 1:03:27]} 14. Nxe5 {[%clk 0:37:15]} Qxe5
{[%clk 1:03:37]} 15. Nf3 {[%clk 0:37:20]} Qf6 {[%clk 1:00:15]} 16. O-O-O
{[%clk 0:34:52]} Be6 {[%clk 0:59:40]} 17. Kb1 {[%clk 0:34:30]} Rad8
{[%clk 0:58:10]} 18. Bc2 {[%clk 0:33:17]} Rd6 {[%clk 0:56:11]} 19. Qb5 b6
{[%clk 0:52:47]} 20. Qa6 {[%clk 0:20:53]} Nc6 {[%clk 0:49:52]} 21. Ba4
{[%clk 0:20:04]} Bc8 {[%clk 0:49:48]} 22. Qd3 {[%clk 0:19:01]} Ne5
{[%clk 0:46:25]} 23. Nxe5 {[%clk 0:18:32]} Qxe5 {[%clk 0:45:11]} 24. Bb3
{[%clk 0:11:26]} c4 {[%clk 0:45:08]} 25. Bxc4 Bb7 {[%clk 0:44:06]} 26. Bb3
{[%clk 0:11:16]} Rfd8 {[%clk 0:43:50]} 27. Rh4 {[%clk 0:10:27]} Kh8
{[%clk 0:44:07]} 28. Rf4 {[%clk 0:09:50]} Rf6 {[%clk 0:43:12]} 29. Ka1
{[%clk 0:09:34]} h6 {[%clk 0:38:51]} 30. c4 {[%clk 0:07:12]} Rff8
{[%clk 0:30:36]} 31. cxd5 {[%clk 0:06:15]} Rd6 {[%clk 0:28:47]} 32. g4
{[%clk 0:05:59]} Rff6 {[%clk 0:28:29]} 33. Rxf5 {[%clk 0:04:41]} Rxf5
{[%clk 0:25:56]} 34. Qxf5 {[%clk 0:04:59]} 1-0

[Event "Danish CPH 2023 for 50+ and 65+"]
[Site "Nyhavnsgade 14, 2. sal. 9000 Aalborg"]
[Date "2023.02.24"]
[Round "5.6"]
[White "Lilja, Richard"]
[Black "Lytzen, Lars Erik"]
[Result "1-0"]
[BlackElo "1306"]
[WhiteElo "2004"]
[LiveChessVersion "1.4.8"]

1. e4 {[%clk 1:30:57]} e6 {[%clk 1:30:52]} 2. d3 {[%clk 1:30:05]} d5
{[%clk 1:30:01]} 3. Nd2 {[%clk 1:30:30]} c5 {[%clk 1:28:04]} 4. Ngf3
{[%clk 1:30:29]} Nc6 {[%clk 1:27:45]} 5. g3 {[%clk 1:30:54]} b6 {[%clk 1:27:50]}
6. Bg2 {[%clk 1:31:05]} Bb7 {[%clk 1:28:14]} 7. O-O {[%clk 1:30:18]} Nf6
{[%clk 1:28:34]} 8. Re1 {[%clk 1:29:40]} g6 {[%clk 1:28:04]} 9. exd5
{[%clk 1:08:21]} Nxd5 {[%clk 1:28:16]} 10. d4 {[%clk 1:08:39]} cxd4
{[%clk 1:25:42]} 11. Nb3 {[%clk 1:08:49]} Bg7 {[%clk 1:22:35]} 12. Nbxd4
{[%clk 1:06:53]} O-O {[%clk 1:21:13]} 13. Nxc6 {[%clk 1:03:14]} Bxc6
{[%clk 1:21:20]} 14. Ne5 {[%clk 0:57:52]} Qc7 {[%clk 1:20:11]} 15. Nxc6
{[%clk 0:54:13]} Qxc6 {[%clk 1:20:24]} 16. Qe2 {[%clk 0:46:28]} Rac8
{[%clk 1:19:27]} 17. c3 {[%clk 0:46:20]} Qc4 {[%clk 1:17:24]} 18. Qf3
{[%clk 0:46:06]} Rfd8 {[%clk 1:15:40]} 19. Re4 {[%clk 0:41:03]} Qc5
{[%clk 1:14:08]} 20. Bg5 {[%clk 0:36:41]} Re8 {[%clk 1:11:20]} 21. Rae1
{[%clk 0:30:40]} h6 {[%clk 1:10:48]} 22. Bc1 {[%clk 0:30:23]} Qe7
{[%clk 1:08:11]} 23. Rh4 {[%clk 0:26:44]} g5 {[%clk 1:06:22]} 24. Ra4
{[%clk 0:26:57]} Qd7 {[%clk 1:05:11]} 25. Qd1 {[%clk 0:24:54]} Rc7
{[%clk 1:01:35]} 26. Bxd5 {[%clk 0:19:03]} exd5 {[%clk 1:00:37]} 27. Rxe8+
{[%clk 0:19:27]} Qxe8 {[%clk 1:00:27]} 28. Be3 {[%clk 0:19:48]} Qd7
{[%clk 0:58:50]} 29. Bd4 {[%clk 0:17:32]} b5 {[%clk 0:50:54]} 30. Ra5
{[%clk 0:15:28]} Bxd4 {[%clk 0:45:52]} 31. Qxd4 {[%clk 0:15:53]} Rb7
{[%clk 0:44:39]} 32. Ra6 {[%clk 0:13:19]} Kh7 {[%clk 0:39:22]} 33. Kg2
{[%clk 0:11:13]} f5 {[%clk 0:37:14]} 34. Qf6 {[%clk 0:08:37]} Rb6
{[%clk 0:35:58]} 35. Rxb6 {[%clk 0:09:02]} axb6 {[%clk 0:36:14]} 36. Qxb6
{[%clk 0:09:20]} Kg7 {[%clk 0:36:12]} 37. Qd4+ {[%clk 0:08:59]} Kh7
{[%clk 0:35:54]} 38. b3 {[%clk 0:07:24]} Kg6 {[%clk 0:34:45]} 39. c4
{[%clk 0:06:39]} bxc4 {[%clk 0:32:35]} 40. bxc4 {[%clk 0:07:01]} 1-0

[Event "Danish CPH 2023 for 50+ and 65+"]
[Site "Nyhavnsgade 14, 2. sal. 9000 Aalborg"]
[Date "2023.02.24"]
[Round "5.7"]
[White "Hein, Jacob"]
[Black "Grue, Vibeke"]
[Result "1-0"]
[BlackElo "986"]
[WhiteElo "1341"]
[LiveChessVersion "1.4.8"]

1. b3 {[%clk 1:30:38]} Nf6 {[%clk 1:29:43]} 2. Nf3 {[%clk 1:30:36]} e5
{[%clk 1:29:43]} 3. Nxe5 {[%clk 1:30:54]} d6 {[%clk 1:29:32]} 4. Nf3
{[%clk 1:31:01]} Bf5 {[%clk 1:29:22]} 5. Bb2 {[%clk 1:31:17]} c5 {[%clk 1:29:40]}
6. d4 {[%clk 1:31:16]} Qa5+ {[%clk 1:28:53]} 7. Bc3 {[%clk 1:31:37]} Qc7
{[%clk 1:28:01]} 8. e3 {[%clk 1:31:09]} cxd4 {[%clk 1:28:11]} 9. Bb5+
{[%clk 1:31:32]} Nc6 {[%clk 1:28:20]} 10. Nxd4 {[%clk 1:31:54]} a6
{[%clk 1:28:18]} 11. Bxc6+ {[%clk 1:32:09]} bxc6 {[%clk 1:28:28]} 12. Nxf5
{[%clk 1:32:33]} g6 {[%clk 1:27:55]} 13. Bxf6 {[%clk 1:32:53]} Qa5+
{[%clk 1:27:58]} 14. Nc3 {[%clk 1:33:05]} Qxf5 {[%clk 1:28:13]} 15. Bxh8
{[%clk 1:33:26]} f6 {[%clk 1:27:53]} 16. O-O {[%clk 1:33:34]} O-O-O
{[%clk 1:27:46]} 17. Qe2 {[%clk 1:33:57]} Qa5 {[%clk 1:26:43]} 18. Bxf6
{[%clk 1:33:59]} Rd7 {[%clk 1:26:20]} 19. Qg4 {[%clk 1:34:07]} Kc7
{[%clk 1:25:42]} 20. b4 {[%clk 1:33:57]} Qa3 {[%clk 1:23:45]} 21. Qc4
{[%clk 1:33:50]} Rf7 {[%clk 1:23:42]} 22. Qxf7+ {[%clk 1:33:49]} 1-0

[Event "Danish CPH 2023 for 50+ and 65+"]
[Site "Nyhavnsgade 14, 2. sal. 9000 Aalborg"]
[Date "2023.02.24"]
[Round "6.1"]
[White "Nielsen, Niels-Peter"]
[Black "Nordenbaek, Jan"]
[Result "0-1"]
[BlackElo "2122"]
[WhiteElo "2030"]
[LiveChessVersion "1.4.8"]

1. e4 {[%clk 1:30:53]} e5 {[%clk 1:30:12]} 2. Nf3 {[%clk 1:31:09]} Nc6
{[%clk 1:30:30]} 3. d4 {[%clk 1:31:22]} exd4 {[%clk 1:30:44]} 4. Bc4
{[%clk 1:27:41]} Nf6 {[%clk 1:30:14]} 5. e5 {[%clk 1:27:19]} d5 {[%clk 1:30:15]}
6. Bb5 {[%clk 1:24:58]} Ne4 {[%clk 1:28:56]} 7. Nxd4 {[%clk 1:24:10]} Bc5
{[%clk 1:28:47]} 8. Be3 {[%clk 1:19:26]} Bd7 {[%clk 1:27:20]} 9. Bxc6
{[%clk 1:19:09]} bxc6 {[%clk 1:26:36]} 10. f3 {[%clk 1:18:43]} Qh4+
{[%clk 1:20:14]} 11. g3 {[%clk 1:17:54]} Nxg3 {[%clk 1:20:27]} 12. Bf2
{[%clk 1:18:12]} Qh3 {[%clk 1:20:26]} 13. Bxg3 {[%clk 1:17:58]} Qg2 14. Rf1
{[%clk 1:17:41]} Bh3 {[%clk 1:21:01]} 15. Nd2 {[%clk 1:16:26]} Bxd4
{[%clk 1:20:42]} 16. c3 {[%clk 1:16:34]} Be3 {[%clk 1:20:46]} 17. Qe2
{[%clk 1:15:59]} Bxd2+ {[%clk 1:20:56]} 18. Kxd2 {[%clk 1:15:46]} Qxe2+
{[%clk 1:21:03]} 19. Kxe2 {[%clk 1:16:14]} Bxf1+ {[%clk 1:21:25]} 20. Rxf1
{[%clk 1:15:36]} Kd7 {[%clk 1:21:37]} 0-1

[Event "Danish CPH 2023 for 50+ and 65+"]
[Site "Nyhavnsgade 14, 2. sal. 9000 Aalborg"]
[Date "2023.02.24"]
[Round "6.2"]
[White "Steffensen, Elena"]
[Black "Schacht, Jorgen Vejby"]
[Result "1-0"]
[BlackElo "1654"]
[WhiteElo "2024"]
[LiveChessVersion "1.4.8"]

1. e4 {[%clk 1:30:56]} c5 {[%clk 1:30:52]} 2. Nc3 {[%clk 1:31:20]} Nc6
{[%clk 1:31:12]} 3. g3 {[%clk 1:31:40]} g6 {[%clk 1:31:23]} 4. Bg2
{[%clk 1:30:47]} Bg7 {[%clk 1:31:48]} 5. Nge2 {[%clk 1:30:24]} d6
{[%clk 1:31:04]} 6. d3 {[%clk 1:30:35]} e6 {[%clk 1:29:47]} 7. Be3
{[%clk 1:28:59]} Nd4 {[%clk 1:27:19]} 8. O-O {[%clk 1:26:24]} Rb8
{[%clk 1:27:40]} 9. f4 {[%clk 1:21:59]} b5 {[%clk 1:20:30]} 10. e5
{[%clk 1:17:12]} dxe5 {[%clk 0:50:19]} 11. Ne4 {[%clk 1:15:05]} Bb7
{[%clk 0:44:26]} 12. c3 {[%clk 1:13:22]} Nf5 {[%clk 0:30:25]} 13. Bxc5
{[%clk 1:12:55]} a6 {[%clk 0:29:19]} 14. g4 {[%clk 1:11:11]} Nh4 {[%clk 0:28:22]}
15. Nd6+ {[%clk 1:10:31]} 1-0

[Event "Danish CPH 2023 for 50+ and 65+"]
[Site "Nyhavnsgade 14, 2. sal. 9000 Aalborg"]
[Date "2023.02.24"]
[Round "6.3"]
[White "Oehlerich, Per"]
[Black "Pors, Kim"]
[Result "1-0"]
[BlackElo "1406"]
[WhiteElo "1952"]
[LiveChessVersion "1.4.8"]

1. e4 {[%clk 1:30:52]} e6 {[%clk 1:30:30]} 2. c4 {[%clk 1:29:39]} b6
{[%clk 1:28:35]} 3. Nc3 {[%clk 1:25:41]} Bb7 {[%clk 1:27:14]} 4. Be2
{[%clk 1:22:25]} c5 {[%clk 1:21:52]} 5. Nf3 {[%clk 1:20:31]} Nc6 {[%clk 1:21:41]}
6. O-O {[%clk 1:20:18]} Nge7 {[%clk 1:10:42]} 7. Re1 {[%clk 1:16:35]} Ng6 8. d4
{[%clk 1:13:23]} cxd4 {[%clk 1:09:34]} 9. Nxd4 {[%clk 1:13:40]} Nxd4
{[%clk 1:09:15]} 10. Qxd4 {[%clk 1:14:06]} e5 {[%clk 0:48:56]} 11. Qd3
{[%clk 1:06:34]} Bc5 {[%clk 0:47:43]} 12. Be3 {[%clk 1:01:47]} Bxe3
{[%clk 0:47:17]} 13. Qxe3 {[%clk 1:01:52]} Bc6 {[%clk 0:41:42]} 14. Rad1
{[%clk 0:58:22]} Qe7 {[%clk 0:33:01]} 15. g3 {[%clk 0:56:42]} O-O
{[%clk 0:30:18]} 16. a3 {[%clk 0:54:05]} Rfd8 {[%clk 0:30:13]} 17. Nd5
{[%clk 0:48:35]} Bxd5 {[%clk 0:29:56]} 18. Rxd5 {[%clk 0:45:45]} Nf8
{[%clk 0:29:23]} 19. Red1 {[%clk 0:45:25]} f6 {[%clk 0:25:08]} 20. Qd3
{[%clk 0:34:12]} Rac8 {[%clk 0:23:13]} 21. Bg4 {[%clk 0:31:44]} Rc7
{[%clk 0:23:12]} 22. Kg2 {[%clk 0:28:30]} Ne6 {[%clk 0:23:32]} 23. Bxe6+
{[%clk 0:27:45]} Qxe6 {[%clk 0:23:44]} 24. b3 {[%clk 0:27:44]} Kf7
{[%clk 0:20:29]} 25. Rd6 {[%clk 0:26:17]} Qe7 {[%clk 0:19:53]} 26. h3
{[%clk 0:25:53]} h6 {[%clk 0:20:00]} 27. h4 {[%clk 0:23:17]} Ke8 {[%clk 0:18:20]}
28. Qd5 {[%clk 0:22:57]} Qf7 {[%clk 0:13:20]} 29. Qb5 {[%clk 0:21:49]} Kf8
{[%clk 0:12:06]} 30. a4 {[%clk 0:20:55]} Qg6 {[%clk 0:11:54]} 31. f3
{[%clk 0:20:46]} Qf7 {[%clk 0:11:33]} 32. R1d5 {[%clk 0:20:06]} Qe7
{[%clk 0:10:14]} 33. Qb4 {[%clk 0:16:23]} Ke8 {[%clk 0:10:13]} 34. Qd2
{[%clk 0:13:44]} Rc6 {[%clk 0:09:24]} 35. Kf2 {[%clk 0:13:16]} Rxd6 36. Rxd6
{[%clk 0:13:41]} Rc8 {[%clk 0:09:33]} 37. Qd5 {[%clk 0:13:48]} Rc7
{[%clk 0:07:01]} 38. Ke2 {[%clk 0:12:48]} Kf8 {[%clk 0:06:33]} 39. Qa8+
{[%clk 0:11:48]} Qe8 {[%clk 0:06:40]} 40. Qxe8+ {[%clk 0:09:11]} Kxe8
{[%clk 0:07:00]} 41. Kd2 {[%clk 0:07:14]} Rc6 {[%clk 0:03:52]} 42. Rd5
{[%clk 0:06:50]} Ke7 {[%clk 0:03:49]} 43. Kc3 {[%clk 0:06:49]} Kd8
{[%clk 0:02:57]} 44. a5 {[%clk 0:03:31]} bxa5 {[%clk 0:27:11]} 45. Rxa5
{[%clk 0:31:42]} a6 {[%clk 0:27:01]} 46. Rd5 {[%clk 0:30:50]} Kc7
{[%clk 0:26:48]} 47. b4 {[%clk 0:27:18]} d6 {[%clk 0:22:43]} 48. Kb3
{[%clk 0:26:42]} Rb6 {[%clk 0:21:50]} 49. Ka4 {[%clk 0:26:19]} Rc6
{[%clk 0:19:58]} 50. Kb3 {[%clk 0:26:25]} Rb6 {[%clk 0:20:18]} 51. Kc3
{[%clk 0:26:43]} Rc6 {[%clk 0:19:21]} 52. Ra5 {[%clk 0:24:42]} Rb6
{[%clk 0:19:14]} 53. h5 {[%clk 0:21:22]} Kb7 {[%clk 0:15:30]} 54. Rd5
{[%clk 0:17:57]} Kc7 {[%clk 0:15:45]} 55. Rd1 {[%clk 0:15:06]} Rb7
{[%clk 0:15:27]} 56. f4 {[%clk 0:14:55]} Kc6 {[%clk 0:13:04]} 57. fxe5
{[%clk 0:13:20]} dxe5 {[%clk 0:12:49]} 58. Rd8 {[%clk 0:12:30]} Rf7
{[%clk 0:10:52]} 59. g4 {[%clk 0:12:00]} Kc7 {[%clk 0:09:58]} 60. Rd5
{[%clk 0:11:55]} Kc6 {[%clk 0:09:32]} 61. Rd2 {[%clk 0:09:25]} Ra7
{[%clk 0:09:49]} 62. Rd5 {[%clk 0:08:46]} Re7 {[%clk 0:09:31]} 63. c5
{[%clk 0:08:20]} Rb7 {[%clk 0:08:03]} 64. Kc4 {[%clk 0:07:26]} Rb8
{[%clk 0:07:15]} 65. Rd6+ {[%clk 0:07:34]} Kb7 {[%clk 0:06:53]} 66. Rb6+
{[%clk 0:07:43]} Ka7 {[%clk 0:06:39]} 67. Rxb8 {[%clk 0:07:59]} Kxb8
{[%clk 0:07:00]} 68. b5 {[%clk 0:08:16]} axb5+ {[%clk 0:07:13]} 69. Kxb5
{[%clk 0:08:40]} Kc7 {[%clk 0:07:09]} 70. c6 {[%clk 0:08:59]} 1-0

[Event "Danish CPH 2023 for 50+ and 65+"]
[Site "Nyhavnsgade 14, 2. sal. 9000 Aalborg"]
[Date "2023.02.24"]
[Round "6.4"]
[White "Westenborg, Allan"]
[Black "Lilja, Richard"]
[Result "0-1"]
[BlackElo "2004"]
[WhiteElo "1772"]
[LiveChessVersion "1.4.8"]

1. d4 {[%clk 1:16:58]} f5 {[%clk 1:30:12]} 2. Bf4 {[%clk 1:17:21]} Nf6
{[%clk 1:30:12]} 3. e3 {[%clk 1:17:31]} e6 {[%clk 1:27:24]} 4. Nf3
{[%clk 1:14:17]} b6 {[%clk 1:27:47]} 5. Nbd2 {[%clk 1:11:21]} Bb7
{[%clk 1:27:55]} 6. a3 {[%clk 1:07:33]} Bd6 {[%clk 1:21:54]} 7. Ne5
{[%clk 1:03:21]} O-O {[%clk 1:19:23]} 8. h4 {[%clk 1:01:27]} Nc6 {[%clk 1:16:48]}
9. Ndf3 {[%clk 0:58:17]} Be7 {[%clk 1:10:12]} 10. h5 {[%clk 0:57:07]} d6
{[%clk 1:04:52]} 11. Nxc6 Bxc6 {[%clk 1:05:16]} 12. Bc4 {[%clk 0:55:59]} Nd5
{[%clk 0:59:04]} 13. Qe2 {[%clk 0:52:28]} Bf6 {[%clk 0:52:58]} 14. Rd1
{[%clk 0:49:27]} Kh8 {[%clk 0:38:33]} 15. Kf1 {[%clk 0:47:19]} Qe7
{[%clk 0:32:56]} 16. Bg3 {[%clk 0:42:23]} Rad8 {[%clk 0:24:51]} 17. Nh4
{[%clk 0:42:29]} Bxh4 {[%clk 0:23:47]} 18. Bxh4 {[%clk 0:42:37]} Nf6
{[%clk 0:24:01]} 19. d5 {[%clk 0:33:39]} exd5 {[%clk 0:22:06]} 20. Bxd5
{[%clk 0:33:51]} Bxd5 {[%clk 0:21:16]} 21. Rxd5 {[%clk 0:33:31]} Qe6
{[%clk 0:21:01]} 22. Rd3 {[%clk 0:32:54]} Rde8 {[%clk 0:20:09]} 23. Bxf6
{[%clk 0:30:03]} Rxf6 {[%clk 0:20:28]} 24. c3 {[%clk 0:18:19]} f4
{[%clk 0:17:47]} 25. Rh3 {[%clk 0:18:36]} Qf5 {[%clk 0:17:35]} 26. Kg1
{[%clk 0:15:17]} f3 {[%clk 0:11:24]} 27. Rxf3 {[%clk 0:13:24]} Qxh5
{[%clk 0:11:46]} 28. Qd1 {[%clk 0:13:27]} Rxf3 {[%clk 0:09:27]} 29. Qxf3
{[%clk 0:13:20]} Qxf3 {[%clk 0:09:10]} 30. gxf3 {[%clk 0:13:39]} Re5
{[%clk 0:08:55]} 31. f4 {[%clk 0:13:33]} Rf5 {[%clk 0:06:54]} 32. Kg2
{[%clk 0:12:57]} g6 {[%clk 0:06:26]} 33. Kg3 {[%clk 0:13:09]} Kg7
{[%clk 0:06:21]} 34. c4 {[%clk 0:11:55]} b5 {[%clk 0:05:15]} 35. b3
{[%clk 0:10:59]} bxc4 {[%clk 0:05:24]} 36. bxc4 {[%clk 0:11:25]} Rc5
{[%clk 0:05:33]} 37. Rd4 {[%clk 0:11:19]} Ra5 {[%clk 0:05:23]} 38. Rd3
{[%clk 0:11:39]} Kf6 {[%clk 0:04:34]} 39. e4 {[%clk 0:11:42]} Ke6
{[%clk 0:03:57]} 40. f3 {[%clk 0:09:03]} h6 {[%clk 0:02:06]} 41. Kg4
{[%clk 0:08:46]} Rc5 {[%clk 0:23:21]} 42. Rd4 {[%clk 0:38:06]} Kf6
{[%clk 0:22:17]} 43. Kh3 {[%clk 0:33:01]} g5 {[%clk 0:15:19]} 44. f5
{[%clk 0:29:17]} Ra5 {[%clk 0:14:33]} 45. Rd3 {[%clk 0:29:13]} Ra4
{[%clk 0:14:12]} 46. Rc3 {[%clk 0:29:23]} h5 {[%clk 0:14:23]} 47. Kg3
{[%clk 0:28:52]} Ke5 {[%clk 0:14:21]} 48. Kh3 {[%clk 0:25:52]} Ra6
{[%clk 0:10:52]} 49. Rd3 {[%clk 0:23:47]} Rc6 {[%clk 0:10:04]} 50. Rd5+
{[%clk 0:19:55]} Kf6 {[%clk 0:10:25]} 51. Rd4 {[%clk 0:19:52]} Rb6
{[%clk 0:10:48]} 52. Rd3 {[%clk 0:18:28]} Rb1 {[%clk 0:10:39]} 53. Rc3
{[%clk 0:15:28]} Ke5 {[%clk 0:08:48]} 54. Rd3 {[%clk 0:13:44]} c6
{[%clk 0:08:08]} 55. Kg3 {[%clk 0:11:01]} Rg1+ {[%clk 0:07:22]} 56. Kf2
{[%clk 0:10:58]} Rc1 {[%clk 0:07:47]} 57. f6 {[%clk 0:10:38]} Rb1
{[%clk 0:07:30]} 58. f7 {[%clk 0:09:23]} Rb8 {[%clk 0:07:55]} 59. c5
{[%clk 0:09:34]} dxc5 {[%clk 0:07:56]} 60. Rd7 {[%clk 0:09:50]} Rf8
{[%clk 0:07:46]} 61. Rxa7 {[%clk 0:09:43]} Kd4 {[%clk 0:07:09]} 62. Rd7+
{[%clk 0:08:08]} Ke5 {[%clk 0:06:17]} 63. a4 {[%clk 0:08:20]} c4 {[%clk 0:06:13]}
64. a5 {[%clk 0:05:33]} c3 {[%clk 0:06:21]} 65. Ke3 {[%clk 0:05:35]} h4
{[%clk 0:04:12]} 66. Kd3 {[%clk 0:03:57]} h3 {[%clk 0:04:31]} 67. Kxc3
{[%clk 0:04:05]} h2 {[%clk 0:04:56]} 68. Rd1 {[%clk 0:04:33]} Rxf7
{[%clk 0:05:14]} 69. Rh1 {[%clk 0:04:41]} Rxf3+ {[%clk 0:05:29]} 70. Kc4
{[%clk 0:05:02]} Rf2 {[%clk 0:04:32]} 0-1

[Event "Danish CPH 2023 for 50+ and 65+"]
[Site "Nyhavnsgade 14, 2. sal. 9000 Aalborg"]
[Date "2023.02.24"]
[Round "6.5"]
[White "Hein, Jacob"]
[Black "Gronhoj, Benny"]
[Result "0-1"]
[BlackElo "1929"]
[WhiteElo "1341"]
[LiveChessVersion "1.4.8"]

1. e4 {[%clk 1:30:39]} d5 {[%clk 1:30:51]} 2. exd5 {[%clk 1:30:41]} Qxd5
{[%clk 1:31:12]} 3. Nc3 {[%clk 1:30:49]} Qa5 {[%clk 1:31:33]} 4. Bc4
{[%clk 1:31:09]} Nf6 {[%clk 1:31:03]} 5. Nf3 {[%clk 1:31:24]} Bf5
{[%clk 1:31:00]} 6. d3 {[%clk 1:31:38]} c6 {[%clk 1:31:15]} 7. Bd2
{[%clk 1:31:47]} Qc7 {[%clk 1:31:28]} 8. Bg5 {[%clk 1:31:29]} Nbd7
{[%clk 1:31:40]} 9. Bh4 {[%clk 1:31:54]} e6 {[%clk 1:31:47]} 10. Qe2
{[%clk 1:31:46]} Bd6 {[%clk 1:30:10]} 11. Bg3 {[%clk 1:32:07]} Bxg3
{[%clk 1:30:28]} 12. hxg3 {[%clk 1:32:33]} Bg4 {[%clk 1:30:07]} 13. Qe3
{[%clk 1:32:21]} h6 {[%clk 1:27:30]} 14. Rh4 {[%clk 1:31:55]} Bxf3
{[%clk 1:26:55]} 15. gxf3 {[%clk 1:31:46]} Nb6 {[%clk 1:26:18]} 16. O-O-O
{[%clk 1:30:48]} O-O-O {[%clk 1:25:51]} 17. Bb3 {[%clk 1:31:08]} g5
{[%clk 1:25:02]} 18. Rd4 {[%clk 1:31:21]} Nfd5 {[%clk 1:24:01]} 19. Qd2
{[%clk 1:30:50]} e5 {[%clk 1:22:55]} 20. Re4 {[%clk 1:31:18]} Nf6
{[%clk 1:20:51]} 21. Re2 {[%clk 1:30:51]} Rhf8 {[%clk 1:18:46]} 22. Kb1
{[%clk 1:30:59]} Nfd7 {[%clk 1:18:27]} 23. Ne4 {[%clk 1:31:10]} f5
{[%clk 1:18:36]} 24. Nc3 {[%clk 1:31:16]} Nc5 {[%clk 1:17:38]} 25. Rh1
{[%clk 1:31:25]} Nxb3 {[%clk 1:17:03]} 26. axb3 {[%clk 1:31:52]} Rf6
{[%clk 1:08:33]} 27. Rhe1 {[%clk 1:30:51]} Nd7 {[%clk 1:07:45]} 28. f4
{[%clk 1:30:53]} exf4 {[%clk 1:02:44]} 29. Re7 {[%clk 1:30:55]} fxg3
{[%clk 1:02:04]} 30. fxg3 {[%clk 1:30:57]} Qxg3 {[%clk 1:02:07]} 31. Rh7
{[%clk 1:31:21]} f4 {[%clk 1:02:01]} 32. Ree7 {[%clk 1:31:44]} g4
{[%clk 0:55:30]} 33. Ne4 {[%clk 1:30:22]} Qg1+ {[%clk 0:55:32]} 34. Ka2
{[%clk 1:30:31]} Qd4 {[%clk 0:48:24]} 35. Nxf6 {[%clk 1:30:39]} Qxf6
{[%clk 0:48:46]} 36. Qa5 {[%clk 1:30:21]} Qd4 {[%clk 0:46:47]} 37. Qf5
{[%clk 1:30:04]} g3 {[%clk 0:44:56]} 38. c3 Qd6 {[%clk 0:44:17]} 39. Re6
{[%clk 1:30:46]} Qd5 {[%clk 0:40:58]} 40. Re5 {[%clk 1:30:49]} Qxe5
{[%clk 0:41:07]} 41. Qh3 {[%clk 1:29:39]} f3 {[%clk 0:40:36]} 42. Rxh6
{[%clk 1:29:51]} g2 {[%clk 0:39:28]} 43. Rg6 {[%clk 1:30:11]} Qe2
{[%clk 0:38:55]} 44. Re6 {[%clk 1:29:53]} Qxd3 {[%clk 0:39:06]} 45. Qh2
{[%clk 1:29:58]} Qa6+ {[%clk 0:39:16]} 46. Kb1 {[%clk 1:30:16]} Qf1+
{[%clk 0:39:39]} 47. Ka2 {[%clk 1:30:22]} g1=Q {[%clk 0:40:00]} 0-1

[Event "Danish CPH 2023 for 50+ and 65+"]
[Site "Nyhavnsgade 14, 2. sal. 9000 Aalborg"]
[Date "2023.02.24"]
[Round "6.6"]
[White "Lytzen, Lars Erik"]
[Black "Fischer, Johan"]
[Result "0-1"]
[BlackElo "1827"]
[WhiteElo "1306"]
[LiveChessVersion "1.4.8"]

1. Nf3 {[%clk 1:30:56]} g6 {[%clk 1:30:53]} 2. g3 {[%clk 1:30:32]} Bg7
{[%clk 1:31:15]} 3. d4 {[%clk 1:30:51]} Nf6 {[%clk 1:26:38]} 4. Bg2
{[%clk 1:30:51]} d5 {[%clk 1:26:17]} 5. Nc3 {[%clk 1:31:04]} c6 {[%clk 1:25:27]}
6. O-O {[%clk 1:29:09]} O-O {[%clk 1:25:24]} 7. Bg5 {[%clk 1:28:49]} Nbd7
{[%clk 1:24:16]} 8. Qd2 {[%clk 1:26:23]} Re8 {[%clk 1:24:34]} 9. Bxf6
{[%clk 1:22:24]} Nxf6 {[%clk 1:24:27]} 10. Rae1 {[%clk 1:19:13]} Ne4
{[%clk 1:21:29]} 11. Qd3 {[%clk 1:16:51]} Bf5 {[%clk 1:19:31]} 12. Qd1
{[%clk 1:16:52]} Nxc3 {[%clk 1:19:26]} 13. bxc3 {[%clk 1:16:58]} Qa5
{[%clk 1:19:48]} 14. Qb1 {[%clk 1:15:49]} Qxc3 {[%clk 1:17:56]} 15. e3
{[%clk 1:11:28]} Rab8 {[%clk 1:14:36]} 16. Rc1 {[%clk 1:10:38]} Be4
{[%clk 1:13:47]} 17. Ne1 {[%clk 1:08:20]} e5 {[%clk 1:11:58]} 18. dxe5
{[%clk 1:06:22]} Bxe5 {[%clk 1:10:55]} 19. Nd3 {[%clk 0:59:43]} Bxg2
{[%clk 1:09:09]} 20. Kxg2 {[%clk 1:00:04]} Bd6 {[%clk 1:05:48]} 21. Qb3
{[%clk 0:59:45]} Qf6 {[%clk 1:01:27]} 22. Rb1 {[%clk 0:58:12]} Qe7
{[%clk 0:56:10]} 23. Qa4 {[%clk 0:57:26]} Qe4+ {[%clk 0:54:24]} 24. Qxe4
{[%clk 0:56:30]} dxe4 {[%clk 0:53:27]} 25. Nc1 {[%clk 0:56:12]} b6
{[%clk 0:52:15]} 26. Rd1 {[%clk 0:56:18]} Rbd8 {[%clk 0:52:13]} 27. Nb3
{[%clk 0:56:32]} c5 {[%clk 0:52:06]} 28. Rd5 {[%clk 0:55:44]} Bc7
{[%clk 0:51:44]} 29. Rbd1 {[%clk 0:55:55]} Kf8 {[%clk 0:51:39]} 30. Rd7
{[%clk 0:54:18]} Rxd7 {[%clk 0:51:43]} 31. Rxd7 Re7 32. Rd5 {[%clk 0:53:27]} Re5
{[%clk 0:50:54]} 33. Rd7 Re7 {[%clk 0:51:17]} 34. Rd5 {[%clk 0:53:26]} Ke8
{[%clk 0:51:25]} 35. Nd2 {[%clk 0:52:32]} f5 {[%clk 0:50:05]} 36. h4
{[%clk 0:49:20]} Rd7 {[%clk 0:50:10]} 37. Rxd7 {[%clk 0:48:46]} Kxd7
{[%clk 0:50:38]} 38. f3 {[%clk 0:49:07]} exf3+ {[%clk 0:50:15]} 39. Nxf3
{[%clk 0:48:45]} h6 {[%clk 0:50:03]} 40. Nd2 {[%clk 0:48:27]} b5 {[%clk 0:46:01]}
41. Nb3 {[%clk 0:47:24]} Kc6 {[%clk 0:45:22]} 42. Kf3 {[%clk 0:47:29]} Kd5
{[%clk 0:44:33]} 43. Nd2 {[%clk 0:47:22]} Ba5 {[%clk 0:43:30]} 44. Nb3
{[%clk 0:46:30]} Be1 {[%clk 0:42:42]} 45. Nc1 {[%clk 0:45:51]} g5
{[%clk 0:39:26]} 46. h5 {[%clk 0:44:46]} a5 {[%clk 0:36:25]} 47. Nd3
{[%clk 0:45:02]} Bc3 {[%clk 0:33:32]} 48. Ke2 {[%clk 0:44:40]} c4
{[%clk 0:33:00]} 49. Nf2 {[%clk 0:43:05]} b4 {[%clk 0:32:04]} 50. Nd1
{[%clk 0:41:47]} Be5 {[%clk 0:31:45]} 51. Kf3 {[%clk 0:42:00]} a4
{[%clk 0:31:39]} 52. g4 {[%clk 0:40:06]} fxg4+ {[%clk 0:29:56]} 53. Kxg4
{[%clk 0:40:23]} Ke4 {[%clk 0:30:04]} 54. Kh3 {[%clk 0:39:34]} Kf3
{[%clk 0:29:55]} 0-1